[Event "Prebor mesta Vsetina 2018"]
[Site "?"]
[Date "2018.07.10"]
[Round "8.9"]
[White "Havelka, Ondrej"]
[Black "Matejovsky, Ondrej"]
[Result "1-0"]
[WhiteElo "2124"]
[BlackElo "2028"]
[PlyCount "81"]

1.d4 d5 2.c4 e5 3.dxe5 d4 4.Nf3 Nc6 5.a3 a5 6.g3 Nge7 7.Bg2 Ng6 8.Bf4 Bc5 9.
Nbd2 O-O 10.O-O Qe7 11.Bg5 Qe6 12.Nb3 Ba7 13.c5 h6 14.Bf4 Rd8 15.Rc1 d3 16.e3
Ngxe5 17.Nxe5 Nxe5 18.Nxa5 g5 19.Bxe5 Qxe5 20.b4 c6 21.Qd2 Bb8 22.Rc3 Bc7 23.
Nc4 Qf5 24.e4 Qe6 25.f4 gxf4 26.gxf4 Qd7 27.Rf3 Qd4+ 28.Kh1 Be6 29.Rfxd3 Qf6
30.Nd6 b6 31.e5 Qg6 32.Rg3 Bg4 33.Rxg4 Qxg4 34.Rg3 Qxg3 35.hxg3 Rxa3 36.g4
bxc5 37.bxc5 Rb8 38.f5 Ba5 39.Qxh6 Bc3 40.Qg5+ Kf8 41.f6 1-0

[Event "Prebor mesta Vsetina 2018"]
[Site "?"]
[Date "2018.07.10"]
[Round "8.10"]
[White "Hurtak, Otto"]
[Black "Mica, Marek"]
[Result "1/2-1/2"]
[WhiteElo "1958"]
[BlackElo "2180"]
[PlyCount "206"]

1.d4 Nf6 2.c4 e6 3.Nc3 Bb4 4.e3 b6 5.Ne2 c5 6.a3 Ba5 7.Bd2 O-O 8.Ng3 Bb7 9.f3
cxd4 10.exd4 Bxc3 11.Bxc3 d5 12.Bd3 Nc6 13.O-O Rc8 14.Rc1 dxc4 15.Bxc4 Nd5 16.
Re1 Nxc3 17.bxc3 Na5 18.Bd3 Nc4 19.Qb3 Bd5 20.Bxc4 Rxc4 21.Qb2 Qc7 22.Re3 Rc8
23.Ne2 a6 24.g3 Qc6 25.Kf2 b5 26.Nf4 g6 27.h4 Rxd4 28.cxd4 Qxc1 29.Qxc1 Rxc1
30.Nxd5 Rc2+ 31.Kf1 exd5 32.Re8+ Kg7 33.Ra8 Rc3 34.Rxa6 Rxf3+ 35.Kg2 Rd3 36.
Rb6 Rxd4 37.Rxb5 Kf6 38.a4 Ke5 39.a5 Ra4 40.Rb7 Rxa5 41.Rxf7 h5 42.Re7+ Kf6
43.Rd7 Ke5 44.Re7+ Kf5 45.Rf7+ Ke4 46.Re7+ Kd3 47.Re6 d4 48.Rxg6 Ke2 49.Rg5
Ra3 50.Rxh5 Re3 51.Ra5 d3 52.Ra2+ d2 53.g4 Kd3 54.Ra3+ Kc4 55.Rxe3 d1=Q 56.Rg3
Qe2+ 57.Kh3 Qf1+ 58.Kh2 Qf4 59.Kh3 Kd4 60.g5 Qf5+ 61.Kg2 Qg6 62.h5 Qxh5 63.g6
Qe2+ 64.Kh3 Qf1+ 65.Kh2 Qe2+ 66.Kh3 Qh5+ 67.Kg2 Qd5+ 68.Kh2 Qa2+ 69.Kh3 Qe6+
70.Kg2 Qc6+ 71.Kh2 Qc2+ 72.Kh3 Qc8+ 73.Kh2 Ke4 74.g7 Qg8 75.Kg2 Kf4 76.Rf3+
Ke4 77.Rg3 Ke5 78.Re3+ Kd4 79.Rg3 Ke4 80.Rg4+ Ke3 81.Rg3+ Ke2 82.Kg1 Ke1 83.
Rg2 Kd1 84.Rg3 Ke2 85.Rg2+ Kf3 86.Rf2+ Ke3 87.Rg2 Ke4 88.Re2+ Kd3 89.Rg2 Ke3
90.Rg3+ Kf4 91.Rg2 Ke5 92.Re2+ Kd6 93.Rd2+ Ke7 94.Re2+ Kf6 95.Rf2+ Ke5 96.Re2+
Kd4 97.Rg2 Ke3 98.Rg3+ Ke2 99.Rg2+ Ke1 100.Rg3 Ke2 101.Rg2+ Kd1 102.Rg3 Ke1
103.Rg2 Kd1 1/2-1/2

[Event "Prebor mesta Vsetina 2018"]
[Site "?"]
[Date "2018.07.10"]
[Round "8.11"]
[White "Laurincova, Kristyna"]
[Black "Vojta, Jakub"]
[Result "0-1"]
[WhiteElo "1944"]
[BlackElo "2124"]
[PlyCount "60"]

1.e4 c5 2.Nf3 e6 3.d4 cxd4 4.Nxd4 a6 5.Nc3 b5 6.Bd3 Qb6 7.Nb3 Qc7 8.Be3 d6 9.
O-O Nf6 10.f4 Be7 11.Kh1 Bb7 12.Qf3 O-O 13.Rae1 Nbd7 14.a3 Rac8 15.Qg3 Kh8 16.
Nd4 Nc5 17.Bd2 Rfd8 18.e5 Nd5 19.Be4 Nxc3 20.Bxb7 Qxb7 21.Bxc3 Ne4 22.Qf3 d5
23.Ba5 Rf8 24.f5 Rc4 25.Rd1 Qb8 26.b3 Rcc8 27.Qf4 g5 28.fxg6 fxg6 29.Qg4 Qxe5
30.Qxe6 Qxd4 0-1

[Event "Prebor mesta Vsetina 2018"]
[Site "?"]
[Date "2018.07.10"]
[Round "8.12"]
[White "Zvolensky, David"]
[Black "Yanjinlkham, Bayarsaikhan"]
[Result "1-0"]
[WhiteElo "2040"]
[BlackElo "1984"]
[PlyCount "63"]

1.e4 g6 2.d4 Bg7 3.Nf3 d5 4.e5 f6 5.Bf4 e6 6.h4 Nc6 7.exf6 Nxf6 8.Bd3 Qe7 9.
Bg5 e5 10.dxe5 Nxe5 11.O-O Bg4 12.Nbd2 O-O 13.Re1 Rae8 14.Be2 Qf7 15.Nxe5 Rxe5
16.Nf3 Ree8 17.c4 c6 18.Qb3 Ne4 19.cxd5 cxd5 20.Be3 b6 21.Rad1 Nc5 22.Qb4 Re4
23.Qd2 d4 24.Bg5 d3 25.Bxd3 Nxd3 26.Rxe4 Bxf3 27.gxf3 Nxb2 28.Re7 Qxa2 29.
Rxg7+ Kxg7 30.Bh6+ Kg8 31.Bxf8 Kxf8 32.Qd8+ 1-0

[Event "Prebor mesta Vsetina 2018"]
[Site "?"]
[Date "2018.07.10"]
[Round "8.13"]
[White "Travnicek, Krystof Mikulas"]
[Black "Bosak, Jan"]
[Result "0-1"]
[WhiteElo "1844"]
[BlackElo "2119"]
[PlyCount "72"]

1.Nf3 d5 2.c4 e6 3.g3 Nf6 4.Bg2 c6 5.b3 Be7 6.O-O O-O 7.Bb2 b6 8.Qc2 Bb7 9.d4
Nbd7 10.Nbd2 dxc4 11.bxc4 c5 12.e3 Rc8 13.Rfd1 Qc7 14.Rac1 Qb8 15.Qb3 Rfd8 16.
Bc3 Qa8 17.Bb2 Ne4 18.Nxe4 Bxe4 19.Ne1 Bxg2 20.Nxg2 Nf6 21.dxc5 Rxc5 22.Rxd8+
Qxd8 23.Rd1 Qc8 24.Ba3 Rc7 25.Nf4 Bxa3 26.Qxa3 Qf8 27.Rd3 h6 28.Kf1 Ne4 29.
Qxf8+ Kxf8 30.f3 Ng5 31.e4 Rxc4 32.h4 Nh7 33.Ra3 Rc7 34.Ke2 Ke7 35.e5 Nf8 36.
Nh5 Nd7 0-1

[Event "Prebor mesta Vsetina 2018"]
[Site "?"]
[Date "2018.07.10"]
[Round "8.14"]
[White "Vantuch, Lucian"]
[Black "Pycha, Patrik"]
[Result "0-1"]
[WhiteElo "1954"]
[BlackElo "2097"]
[PlyCount "56"]

1.e4 e6 2.d4 d5 3.Nd2 Nf6 4.Bd3 c5 5.c3 Nc6 6.Ngf3 Qb6 7.O-O cxd4 8.cxd4 Be7
9.e5 Nd7 10.Nb3 a5 11.a4 Nb4 12.Bb5 O-O 13.Bg5 Bxg5 14.Nxg5 h6 15.Nh3 Nb8 16.
Qg4 Bd7 17.Bxd7 Nxd7 18.Ra3 f5 19.Qg6 Nc2 20.Nc5 Nxc5 21.dxc5 Qxb2 22.Qxe6+
Kh8 23.Rg3 Rae8 24.Qxd5 Rxe5 25.Qd2 Rfe8 26.Nf4 Re1 27.Rd3 Rxf1+ 28.Kxf1 Qb1+
0-1

[Event "Prebor mesta Vsetina 2018"]
[Site "?"]
[Date "2018.07.10"]
[Round "8.15"]
[White "Vraj, Ondrej"]
[Black "Zadrapa, Radek"]
[Result "1/2-1/2"]
[WhiteElo "1891"]
[BlackElo "2054"]
[PlyCount "126"]

1.e4 c5 2.Nf3 d6 3.d4 cxd4 4.Nxd4 Nf6 5.Nc3 a6 6.Be2 e5 7.Nb3 Be6 8.O-O Be7 9.
f4 exf4 10.Nd4 Bd7 11.Nf5 Bxf5 12.exf5 O-O 13.Kh1 Nc6 14.Bxf4 Ne5 15.Nd5 Nxd5
16.Qxd5 Qc7 17.c3 Qc6 18.Rad1 Qxd5 19.Rxd5 f6 20.Bxe5 fxe5 21.f6 Rxf6 22.Rxf6
gxf6 23.Bg4 Kf7 24.Bf5 h6 25.g4 Rh8 26.Kg2 h5 27.h3 hxg4 28.hxg4 Bf8 29.c4 Be7
30.Rd3 Rb8 31.Rh3 Bf8 32.a4 b6 33.Rb3 Be7 34.Rh3 Bf8 35.Rb3 a5 36.Rh3 Rb7 37.
b3 Rc7 38.Kf3 d5 39.cxd5 Rc3+ 40.Kg2 Rxh3 41.Kxh3 Ke7 42.Be6 Kd6 43.Kg3 Kc5
44.Kf3 Kd4 45.Bf5 Kc3 46.Ke4 Kxb3 47.Bd7 Kc4 48.Bb5+ Kc5 49.Bc6 Be7 50.Kf5 b5
51.Ke6 bxa4 52.Kxe7 a3 53.d6 a2 54.d7 a1=Q 55.d8=Q Kxc6 56.Qd6+ Kb5 57.Qd7+
Kc4 58.Qc6+ Kd4 59.Qb6+ Ke4 60.Kxf6 Kf4 61.Qf2+ Ke4 62.Qe2+ Kd5 63.Qb5+ Ke4
1/2-1/2

[Event "Prebor mesta Vsetina 2018"]
[Site "?"]
[Date "2018.07.10"]
[Round "8.16"]
[White "Kovarik, Matyas"]
[Black "Hiebert, Kenji"]
[Result "1/2-1/2"]
[WhiteElo "1860"]
[BlackElo "1969"]
[PlyCount "74"]

1.e4 c6 2.d4 d5 3.exd5 cxd5 4.Bd3 Nc6 5.c3 Nf6 6.h3 g6 7.Nf3 Bf5 8.Bxf5 gxf5
9.O-O e6 10.Bg5 Be7 11.Nbd2 Ne4 12.Bxe7 Qxe7 13.Ne5 Nxe5 14.dxe5 O-O 15.Nxe4
dxe4 16.Qd6 Qg5 17.Rad1 Rad8 18.Qc7 Kh8 19.Rxd8 Rxd8 20.Qxf7 e3 21.f4 Qh4 22.
Qf6+ Qxf6 23.exf6 Kg8 24.Re1 Rd2 25.Rxe3 Kf7 26.b3 Rxa2 27.Rd3 Kxf6 28.Rd7 b5
29.Rxh7 Ra3 30.c4 Rxb3 31.cxb5 Rxb5 32.Rxa7 Rb4 33.g3 Rb3 34.Kf2 Rb2+ 35.Ke3
Rb3+ 36.Kf2 Rb2+ 37.Ke3 Rb3+ 1/2-1/2

[Event "Prebor mesta Vsetina 2018"]
[Site "?"]
[Date "2018.07.10"]
[Round "8.17"]
[White "Zavodny, Jaroslav"]
[Black "Vraj, Karel"]
[Result "0-1"]
[WhiteElo "1773"]
[BlackElo "1942"]
[PlyCount "132"]

1.e4 g6 2.d4 Bg7 3.Be2 c6 4.c3 Qb6 5.Qc2 Nf6 6.Nf3 O-O 7.O-O d5 8.Nbd2 dxe4 9.
Nxe4 Nbd7 10.Nxf6+ Nxf6 11.Ne5 c5 12.Nc4 Qc7 13.dxc5 Qxc5 14.Be3 Qc7 15.f3 Bf5
16.Qa4 Nd5 17.Bd2 Rfd8 18.Rad1 Rac8 19.Kh1 Qc5 20.Qa3 Qc7 21.Rfe1 Be6 22.g3
Bh3 23.Ne3 Qe5 24.Nc4 Qf5 25.Ne3 Qe6 26.Qb3 Qc6 27.Nxd5 Rxd5 28.Be3 Re5 29.c4
Qe6 30.Rd3 Bh6 31.f4 Qc6+ 32.Rd5 Rxe3 33.Qxe3 e6 34.Bf3 exd5 35.Bxd5 Qc5 36.
Qxc5 Rxc5 37.Re7 Be6 38.Bxe6 fxe6 39.Rxb7 Rxc4 40.Kg2 a5 41.Ra7 Ra4 42.a3 Bg7
43.b4 Rxa3 44.bxa5 Bd4 45.Ra8+ Kf7 46.a6 Ra2+ 47.Kf3 Ke7 48.Ke4 Bg1 49.h3 Ra3
50.Rh8 Rxa6 51.Rxh7+ Kf6 52.g4 Ra4+ 53.Kf3 Ra7 54.Rh8 Bc5 55.Ke4 Ra4+ 56.Kf3
Bd6 57.f5 exf5 58.gxf5 gxf5 59.h4 Ra3+ 60.Kg2 Ke5 61.h5 Kf4 62.Rd8 Ra2+ 63.Kg1
Be5 64.Rd3 Kg4 65.h6 Rh2 66.Rd5 Bf4 0-1

[Event "Prebor mesta Vsetina 2018"]
[Site "?"]
[Date "2018.07.10"]
[Round "8.18"]
[White "Peterka, Josef"]
[Black "Hrabovsky, Vladimir"]
[Result "1/2-1/2"]
[WhiteElo "1820"]
[BlackElo "1984"]
[PlyCount "69"]

1.d4 d5 2.e3 Nf6 3.Bd3 c6 4.Nd2 Bg4 5.f3 Bh5 6.Ne2 Bg6 7.e4 dxe4 8.fxe4 Nbd7
9.Nf4 e5 10.Nxg6 hxg6 11.c3 Nc5 12.Nf3 Nxd3+ 13.Qxd3 exd4 14.cxd4 Bb4+ 15.Bd2
Bxd2+ 16.Nxd2 Ng4 17.Qg3 Qh4 18.Qxh4 Rxh4 19.Nf3 Rh5 20.h3 O-O-O 21.O-O Nf6
22.Rfe1 Rb5 23.Re2 Re8 24.Rae1 Kc7 25.b3 Nh5 26.Re3 Nf4 27.Rc3 Kb6 28.a3 a5
29.Kf2 Re7 30.Kg3 Ne6 31.Rd3 Rd7 32.Red1 g5 33.Ne5 Rc7 34.Nc4+ Ka6 35.Nd6
1/2-1/2

[Event "Prebor mesta Vsetina 2018"]
[Site "?"]
[Date "2018.07.10"]
[Round "8.19"]
[White "Zgarba, Radek"]
[Black "Brousek, Jiri"]
[Result "1-0"]
[WhiteElo "1936"]
[BlackElo "1929"]
[PlyCount "109"]

1.d4 e6 2.c4 Nf6 3.Nf3 b6 4.g3 Bb7 5.Bg2 c5 6.d5 exd5 7.Nh4 g6 8.Nc3 Bg7 9.O-O
O-O 10.cxd5 d6 11.e4 Re8 12.f4 b5 13.Re1 b4 14.Na4 Nbd7 15.Rb1 Nb6 16.Nxb6
axb6 17.a3 bxa3 18.bxa3 Nd7 19.Nf3 Ra5 20.Nd2 Qa8 21.Nc4 Bd4+ 22.Kh1 Re7 23.
Nxa5 Qxa5 24.Bd2 Qxa3 25.Qb3 Qxb3 26.Rxb3 c4 27.Rb4 Ba6 28.Ra4 Nc5 29.Ra2 b5
30.Bb4 Bb7 31.Rd1 Be3 32.Re2 Nxe4 33.Rxe3 Nf2+ 34.Kg1 Rxe3 35.Kxf2 Rb3 36.Bxd6
Rb2+ 37.Kg1 c3 38.Re1 f6 39.Re8+ Kf7 40.Re7+ Kg8 41.Rxb7 c2 42.Rc7 Rb1+ 43.Kf2
c1=Q 44.Rxc1 Rxc1 45.Bb4 Rb1 46.Bc5 Rc1 47.d6 Rxc5 48.d7 Rc2+ 49.Ke3 Rxg2 50.
d8=Q+ Kg7 51.Qe7+ Kh6 52.Qxf6 Rxh2 53.g4 Rh3+ 54.Ke4 b4 55.Qf8# 1-0

[Event "Prebor mesta Vsetina 2018"]
[Site "?"]
[Date "2018.07.10"]
[Round "8.20"]
[White "Foukal, Jiri"]
[Black "Gratze, Michal"]
[Result "0-1"]
[WhiteElo "1856"]
[BlackElo "1890"]
[PlyCount "66"]

1.e4 e6 2.d4 d5 3.Nd2 c5 4.c3 cxd4 5.cxd4 dxe4 6.Nxe4 Bb4+ 7.Nc3 Nc6 8.Bb5 Qb6
9.Ne2 Qxb5 10.O-O Qh5 11.Qa4 Nf6 12.a3 Bd6 13.h3 O-O 14.Bf4 Bxf4 15.Nxf4 Qf5
16.d5 Nxd5 17.Nfxd5 exd5 18.Rad1 Be6 19.Qb5 d4 20.Qxf5 Bxf5 21.Nb5 Rad8 22.a4
d3 23.Rd2 Nd4 24.Nxd4 Rxd4 25.b3 h5 26.Re1 Rc8 27.Re5 Rc2 28.Rd1 g6 29.f3 h4
30.Re7 d2 31.Kf2 Rc1 32.Ke2 Rxd1 33.Kxd1 Bc2+ 0-1

[Event "Prebor mesta Vsetina 2018"]
[Site "?"]
[Date "2018.07.10"]
[Round "8.21"]
[White "Matus, Filip"]
[Black "Nytra, Ondrej"]
[Result "1/2-1/2"]
[WhiteElo "1766"]
[BlackElo "1845"]
[PlyCount "59"]

1.e4 e5 2.Nf3 Nc6 3.d4 exd4 4.Nxd4 Nf6 5.Nc3 Bb4 6.Nxc6 bxc6 7.Bd3 d5 8.exd5
cxd5 9.O-O O-O 10.Bg5 c6 11.Qf3 h6 12.Bxf6 Qxf6 13.Qxf6 gxf6 14.Ne2 Bd6 15.Nd4
c5 16.Nf5 Bxf5 17.Bxf5 Be5 18.c3 Rab8 19.Rab1 d4 20.cxd4 Bxd4 21.b3 Rfe8 22.
Rfe1 Re5 23.Bg4 Rbe8 24.Kf1 Kf8 25.h3 a5 26.Rbc1 R8e7 27.g3 Ke8 28.f4 Re3 29.
Rxe3 Rxe3 30.Re1 1/2-1/2

[Event "Prebor mesta Vsetina 2018"]
[Site "?"]
[Date "2018.07.11"]
[Round "9.2"]
[White "Kapusta, Petr"]
[Black "Jasny, Stanislav"]
[Result "1/2-1/2"]
[WhiteElo "2179"]
[BlackElo "2383"]
[PlyCount "88"]

1.e4 c6 2.d4 d5 3.Nc3 dxe4 4.Nxe4 Bf5 5.Ng3 Bg6 6.f4 e6 7.Nf3 Nf6 8.Bd3 Bd6 9.
O-O Bxd3 10.Qxd3 Qc7 11.Ne5 O-O 12.Ne4 Nxe4 13.Qxe4 Nd7 14.Rf3 Nf6 15.Qe2 c5
16.Be3 cxd4 17.Bxd4 Bc5 18.Bxc5 Qxc5+ 19.Kh1 Rfd8 20.Raf1 Rac8 21.c3 Rd5 22.c4
Rd4 23.b4 Qxb4 24.Rb3 Qe7 25.Qb2 Rcd8 26.h3 Rd1 27.Rxd1 Rxd1+ 28.Kh2 Qc5 29.
Nf3 b6 30.Qe5 Qxe5 31.Nxe5 Ne4 32.Ra3 a5 33.Nd3 f6 34.c5 bxc5 35.Nb2 Rb1 36.
Nc4 Rb4 37.Nxa5 c4 38.Nc6 Rb2 39.Ra8+ Kf7 40.Ra7+ Kg6 41.Ne7+ Kh5 42.Ng8 Kg6
43.Ne7+ Kh5 44.Ng8 Kg6 1/2-1/2

[Event "Prebor mesta Vsetina 2018"]
[Site "?"]
[Date "2018.07.11"]
[Round "9.4"]
[White "Koziol, Kamil"]
[Black "Horak, Martin"]
[Result "1-0"]
[WhiteElo "2257"]
[BlackElo "2284"]
[PlyCount "99"]
[EventDate "2018.??.??"]

1.e4 c5 2.Nf3 Nc6 3.Bb5 g6 4.Bxc6 dxc6 5.d3 Bg7 6.h3 Nf6 7.Nc3 O-O 8.Be3 b6 9.
Qd2 Re8 10.O-O e5 11.Nh2 Nd7 12.Rae1 Nf8 13.f4 exf4 14.Bxf4 Ne6 15.Bh6 Nd4 16.
Rf2 Be6 17.Ref1 Rf8 18.e5 Bxe5 19.Bxf8 Qxf8 20.Ne2 Qd6 21.Nf3 Nxe2+ 22.Rxe2
Bf4 23.Qe1 Rd8 24.Qh4 c4 25.Re4 g5 26.Nxg5 Qc5+ 27.d4 Bxg5 28.dxc5 Bxh4 29.
Rxh4 Rd2 30.cxb6 axb6 31.Rf2 Rd1+ 32.Kh2 Ra1 33.a3 c3 34.b3 Rxa3 35.Rf3 Ra2
36.Rg3+ Kf8 37.Rxc3 Bd5 38.Rxh7 Be4 39.Rh8+ Kg7 40.Rc8 b5 41.Rg3+ Kf6 42.c3
Rb2 43.b4 Rf2 44.Re8 Bd5 45.Ree3 Kf5 46.h4 Rf4 47.Rg5+ Kf6 48.Kg3 Rf1 49.Rxd5
cxd5 50.Rf3+ 1-0

[Event "Prebor mesta Vsetina 2018"]
[Site "?"]
[Date "2018.07.11"]
[Round "9.5"]
[White "Mulenko, Alexander"]
[Black "Belunek, Vladimir"]
[Result "1/2-1/2"]
[WhiteElo "2109"]
[BlackElo "2212"]
[PlyCount "46"]
[EventDate "2018.??.??"]

1.Nf3 c5 2.g3 g6 3.d4 cxd4 4.Nxd4 Bg7 5.Bg2 Nc6 6.Nxc6 bxc6 7.c4 Rb8 8.Qc2
Qa5+ 9.Nd2 Nh6 10.O-O O-O 11.Nb3 Qa4 12.Bd2 Nf5 13.Rfc1 d6 14.e4 Nh6 15.Na5
Qxc2 16.Rxc2 c5 17.Nc6 Rb7 18.Na5 Rb6 19.Nb3 Ng4 20.f4 Bd7 21.h3 Nf6 22.e5 Ne8
23.Bc3 Bf5 1/2-1/2

[Event "Prebor mesta Vsetina 2018"]
[Site "?"]
[Date "2018.07.11"]
[Round "9.6"]
[White "Jin, Yueheng"]
[Black "Havelka, Ondrej"]
[Result "1/2-1/2"]
[WhiteElo "1713"]
[BlackElo "2124"]
[PlyCount "133"]
[EventDate "2018.??.??"]

1.d4 d5 2.c4 e6 3.Nc3 Nf6 4.cxd5 exd5 5.Bg5 Be7 6.e3 O-O 7.Bd3 c6 8.Qc2 Nbd7
9.Nf3 Re8 10.O-O Nf8 11.Rab1 g6 12.b4 Ne6 13.Bh4 a6 14.a4 b5 15.Ne5 Bb7 16.a5
Nd7 17.Bxe7 Rxe7 18.Nf3 Nf6 19.Rfd1 Ne8 20.e4 Nd6 21.e5 Nc4 22.Bxc4 bxc4 23.
Na4 Bc8 24.Nb6 Rb8 25.Nh4 Reb7 26.g3 Ng7 27.Qa4 Qc7 28.Qa3 Bh3 29.f4 Nf5 30.
Nxf5 Bxf5 31.Rb2 Rxb6 32.axb6 Qxb6 33.Rdd2 Bd3 34.Qc3 Qb7 35.Kf2 Qd7 36.Rxd3
cxd3 37.Qxd3 a5 38.Qc3 Qb7 39.b5 Qb6 40.Ra2 Qxb5 41.Qxa5 Qc4 42.Rd2 Kg7 43.Qa2
Qc1 44.Kg2 Rb1 45.Kh3 Qf1+ 46.Rg2 Rd1 47.Qc2 Qf3 48.Rf2 Qh5+ 49.Kg2 Rxd4 50.
Qxc6 Qf5 51.Qc2 Qe6 52.Rd2 Rc4 53.Qd1 Qc6 54.Qf3 Re4 55.Kh3 h5 56.Qd1 Qd7+ 57.
Kg2 d4 58.Rd3 Qd5 59.Kf2 Qa2+ 60.Qd2 Qc4 61.Qd1 g5 62.fxg5 Qa2+ 63.Rd2 Qd5 64.
Qxh5 Qxe5 65.Qh6+ Kg8 66.Qf6 Qa5 67.Re2 1/2-1/2

[Event "Prebor mesta Vsetina 2018"]
[Site "?"]
[Date "2018.07.11"]
[Round "9.7"]
[White "Vojta, Jakub"]
[Black "Zvolensky, David"]
[Result "0-1"]
[WhiteElo "2124"]
[BlackElo "2040"]
[PlyCount "94"]
[EventDate "2018.??.??"]

1.e4 e5 2.d4 exd4 3.Bc4 Nc6 4.Nf3 Nf6 5.O-O Nxe4 6.Re1 d5 7.Bxd5 Qxd5 8.Nc3
Qd7 9.Nxe4 Be7 10.Bg5 O-O 11.Bxe7 Nxe7 12.Qxd4 Qxd4 13.Nxd4 Nf5 14.Nb5 Bd7 15.
c4 c6 16.Nbd6 Nxd6 17.Nxd6 b6 18.b4 c5 19.b5 Rfd8 20.Red1 Be6 21.f4 Bg4 22.Rd2
Rd7 23.h3 Rad8 24.Re1 Kf8 25.hxg4 Rxd6 26.Rde2 Rd1 27.Re8+ Rxe8 28.Rxd1 Re2
29.Rd7 Rxa2 30.Rb7 h6 31.f5 Ra4 32.Kf2 Rxc4 33.Rxa7 Rb4 34.Ke3 Rxb5 35.Ke4 Rb1
36.Kd5 Rd1+ 37.Kc6 c4 38.Kxb6 Rb1+ 39.Kc5 c3 40.Ra2 Rb2 41.Ra3 Rxg2 42.Rxc3
Rxg4 43.Kd6 Re4 44.Rh3 Re1 45.Kd5 Ke7 46.Rh5 Kf6 47.Kd4 Re5 0-1

[Event "Prebor mesta Vsetina 2018"]
[Site "?"]
[Date "2018.07.11"]
[Round "9.8"]
[White "Kersten, Julian"]
[Black "Engert, Marvin"]
[Result "1-0"]
[WhiteElo "1979"]
[BlackElo "2005"]
[PlyCount "69"]
[EventDate "2018.??.??"]

1.d4 Nf6 2.Bg5 Ne4 3.Bf4 g5 4.Be5 f6 5.e3 h5 6.Be2 Bg7 7.Bxh5+ Kf8 8.Bg6 d5 9.
Bxe4 dxe4 10.Bg3 c5 11.c3 Qb6 12.Qc2 Nc6 13.d5 Na5 14.Nd2 f5 15.f3 exf3 16.
Ngxf3 c4 17.O-O-O Qxe3 18.Rhe1 Qb6 19.Nxg5 Qb5 20.Ndf3 Bh6 21.Kb1 Bxg5 22.Nxg5
Rg8 23.Qe2 Rg7 24.h4 f4 25.Bxf4 Bf5+ 26.Kc1 Qa4 27.g4 Bd3 28.Rxd3 cxd3 29.Qxd3
Qxf4+ 30.Kb1 Rxg5 31.hxg5 Qxg5 32.Rh1 Kg7 33.Qh7+ Kf8 34.Qh8+ Kf7 35.Rh7+ 1-0

[Event "Prebor mesta Vsetina 2018"]
[Site "?"]
[Date "2018.07.11"]
[Round "9.9"]
[White "Mica, Marek"]
[Black "Gnojek, Petr"]
[Result "1-0"]
[WhiteElo "2180"]
[BlackElo "1962"]
[PlyCount "61"]
[EventDate "2018.??.??"]

1.Nf3 d6 2.c4 e5 3.d3 f5 4.Nc3 Nf6 5.g3 g6 6.b4 Bg7 7.Bb2 a5 8.b5 Nbd7 9.Bg2
Nc5 10.Na4 e4 11.Ng1 Nxa4 12.Qxa4 Qe7 13.d4 e3 14.f3 f4 15.g4 h5 16.Qc2 Kf7
17.Nh3 Bh6 18.g5 Bxh3 19.Bxh3 Bxg5 20.O-O-O Bh4 21.Rhg1 g5 22.d5 Rhf8 23.Be6+
Kg7 24.Rd4 Kh6 25.Rxf4 Nxd5 26.Rxf8 Nb4 27.Rxa8 Nxc2 28.Rh8+ Kg6 29.Rg8+ Kh6
30.Bf5 g4 31.Rg6+ 1-0

[Event "Prebor mesta Vsetina 2018"]
[Site "?"]
[Date "2018.07.11"]
[Round "9.10"]
[White "Frank, Adam"]
[Black "Bosak, Jan"]
[Result "1-0"]
[WhiteElo "1984"]
[BlackElo "2119"]
[PlyCount "47"]
[EventDate "2018.??.??"]

1.e4 e5 2.Nf3 Nc6 3.Bb5 a6 4.Ba4 Nf6 5.O-O b5 6.Bb3 Bb7 7.Re1 Bc5 8.c3 d6 9.d3
h6 10.Nbd2 O-O 11.Nf1 Na5 12.Bc2 Bb6 13.Ng3 c5 14.Nf5 Qc7 15.Qd2 Bc8 16.Nxg7
Ng4 17.Nh5 f5 18.exf5 Rxf5 19.Ng3 Rf7 20.h3 e4 21.Nxe4 d5 22.Ng3 Nf6 23.Qxh6
d4 24.Bg5 1-0

[Event "Prebor mesta Vsetina 2018"]
[Site "?"]
[Date "2018.07.11"]
[Round "9.11"]
[White "Pycha, Patrik"]
[Black "Mostek, Jan"]
[Result "1/2-1/2"]
[WhiteElo "2097"]
[BlackElo "1810"]
[PlyCount "47"]
[EventDate "2018.??.??"]

1.e4 e6 2.d4 d5 3.Nc3 Bb4 4.e5 c5 5.a3 Ba5 6.Bd2 cxd4 7.Nb5 Nc6 8.Nf3 Nge7 9.
Nbxd4 Bd7 10.Bxa5 Qxa5+ 11.c3 Ng6 12.Nxc6 Bxc6 13.Qd4 Rc8 14.Bd3 Bb5 15.O-O
Bxd3 16.Qxd3 O-O 17.Qe3 Qc5 18.Nd4 Ne7 19.Rac1 Nc6 20.Nxc6 Rxc6 21.Qd3 Rfc8
22.Rcd1 Qc4 23.Qd4 Rb6 24.Qxc4 1/2-1/2

[Event "Prebor mesta Vsetina 2018"]
[Site "?"]
[Date "2018.07.11"]
[Round "9.12"]
[White "Matejovsky, Ondrej"]
[Black "Hurtak, Otto"]
[Result "0-1"]
[WhiteElo "2028"]
[BlackElo "1958"]
[PlyCount "46"]
[EventDate "2018.??.??"]

1.e4 c5 2.c3 d5 3.exd5 Qxd5 4.d4 Nc6 5.Nf3 g6 6.dxc5 Qxd1+ 7.Kxd1 Nf6 8.Be3
Ng4 9.Bd3 e5 10.b4 Bg7 11.Be4 Be6 12.Kc2 f5 13.Bxc6+ bxc6 14.h3 Nxe3+ 15.fxe3
a5 16.a3 Ke7 17.Nbd2 Rhd8 18.Nb3 Bxb3+ 19.Kxb3 Rd3 20.Rhe1 e4 21.Nd4 Bxd4 22.
exd4 Rd2 23.Ra2 a4+ 0-1

[Event "Prebor mesta Vsetina 2018"]
[Site "?"]
[Date "2018.07.11"]
[Round "9.13"]
[White "Zadrapa, Radek"]
[Black "Kovarik, Matyas"]
[Result "1-0"]
[WhiteElo "2054"]
[BlackElo "1860"]
[PlyCount "81"]
[EventDate "2018.??.??"]

1.Nf3 Nf6 2.g3 g6 3.Bg2 Bg7 4.O-O O-O 5.c4 d6 6.d4 Nbd7 7.Nc3 e5 8.e3 Re8 9.
Qc2 Nb6 10.dxe5 dxe5 11.b3 Bf5 12.e4 Bg4 13.h3 Bxf3 14.Bxf3 Qe7 15.Be3 Nbd7
16.Nd5 Nxd5 17.cxd5 c6 18.Rad1 cxd5 19.exd5 Rac8 20.Qd2 e4 21.d6 Qe6 22.Bg4 f5
23.Be2 Bc3 24.Qc1 Qf6 25.Bc4+ Kh8 26.Qa3 a6 27.Bd5 Rb8 28.Qa4 f4 29.Bxf4 Nb6
30.Qa3 Be5 31.Bxe5 Qxe5 32.Qc5 Nxd5 33.Rxd5 Qe6 34.d7 Red8 35.Qd4+ Kg8 36.Re1
Qxh3 37.Rxe4 Qh6 38.Re7 Qf8 39.Qe5 b5 40.Rd6 Qh6 41.Re8+ 1-0

[Event "Prebor mesta Vsetina 2018"]
[Site "?"]
[Date "2018.07.11"]
[Round "9.14"]
[White "Hiebert, Kenji"]
[Black "Travnicek, Krystof Mikulas"]
[Result "1-0"]
[WhiteElo "1969"]
[BlackElo "1844"]
[PlyCount "51"]
[EventDate "2018.??.??"]

1.Nf3 Nf6 2.c4 c6 3.Nc3 d5 4.d4 e6 5.Bg5 dxc4 6.e4 b5 7.e5 h6 8.Bh4 g5 9.Nxg5
hxg5 10.Bxg5 Nbd7 11.g3 Bb7 12.Bg2 Qb6 13.exf6 O-O-O 14.O-O c5 15.d5 b4 16.Na4
Qb5 17.a3 Nb8 18.axb4 cxb4 19.Qg4 Bxd5 20.Rfc1 Nd7 21.Bxd5 exd5 22.Be3 a6 23.
Nb6+ Kb7 24.Nxd7 Rxd7 25.Ra5 Qc6 26.Rca1 1-0

[Event "Prebor mesta Vsetina 2018"]
[Site "?"]
[Date "2018.07.11"]
[Round "9.15"]
[White "Yanjinlkham, Bayarsaikhan"]
[Black "Laurincova, Kristyna"]
[Result "0-1"]
[WhiteElo "1984"]
[BlackElo "1944"]
[PlyCount "96"]
[EventDate "2018.??.??"]

1.d4 Nf6 2.e3 c5 3.Bd3 Nc6 4.c3 b6 5.f4 g6 6.Nf3 Bg7 7.O-O O-O 8.e4 e6 9.f5
exf5 10.exf5 d5 11.Bg5 Qd6 12.Na3 a6 13.Qc1 Bb7 14.Bh6 Rac8 15.Bxg7 Kxg7 16.
Nc2 c4 17.Be2 Rce8 18.Re1 Bc8 19.fxg6 hxg6 20.Ne3 Rh8 21.Nf1 Ng4 22.Qd2 Rh6
23.Rad1 Reh8 24.Ne5 Nxh2 25.Qf4 Nxe5 26.dxe5 Qc5+ 27.Rd4 Nxf1 28.Qf6+ Kg8 29.
Rxf1 Rh1+ 30.Kf2 Rxf1+ 31.Bxf1 Be6 32.Kg3 b5 33.Be2 Qc7 34.Bg4 Bxg4 35.Kxg4
Qd7+ 36.Kg3 Rh5 37.Qd6 Rg5+ 38.Kh4 Rh5+ 39.Kg3 Rg5+ 40.Kh4 Rh5+ 41.Kg3 Qxd6
42.exd6 Kf8 43.Kf4 Rf5+ 44.Ke3 Ke8 45.g4 Re5+ 46.Kf3 Kd7 47.Rf4 f5 48.g5 Re4
0-1

[Event "Prebor mesta Vsetina 2018"]
[Site "?"]
[Date "2018.07.11"]
[Round "9.16"]
[White "Vantuch, Lucian"]
[Black "Vraj, Ondrej"]
[Result "0-1"]
[WhiteElo "1954"]
[BlackElo "1891"]
[PlyCount "88"]
[EventDate "2018.??.??"]

1.e4 d5 2.exd5 Qxd5 3.Nc3 Qa5 4.d4 Nf6 5.Bd2 c6 6.Be2 Bf5 7.Nf3 Nbd7 8.O-O e6
9.Ne4 Qc7 10.Ng3 Bg6 11.c4 Bd6 12.Rc1 O-O 13.Qb3 Ne4 14.Nxe4 Bxe4 15.c5 Be7
16.Bc4 Nf6 17.g3 Nd5 18.Rfe1 Bxf3 19.Qxf3 Rfd8 20.Re4 Nf6 21.Rh4 Bxc5 22.g4
Bxd4 23.g5 Ne8 24.Bf4 Qb6 25.Re1 Qc5 26.Bb3 g6 27.Rxe6 Ng7 28.Re2 Nf5 29.Rh3
Re8 30.Qd3 Rad8 31.Rxe8+ Rxe8 32.Qd2 Re7 33.Rd3 Re4 34.Bg3 Qe7 35.Bd1 c5 36.
Bf3 Re1+ 37.Kg2 Rb1 38.Rb3 b6 39.Bd5 Nxg3 40.hxg3 Qe5 41.Bc4 Qe4+ 42.Rf3 Rxb2
43.Bxf7+ Kg7 44.Bd5 Qxd5 0-1

[Event "Prebor mesta Vsetina 2018"]
[Site "?"]
[Date "2018.07.11"]
[Round "9.17"]
[White "Gratze, Michael"]
[Black "Zgarba, Radek"]
[Result "1-0"]
[WhiteElo "1890"]
[BlackElo "1936"]
[PlyCount "37"]
[EventDate "2018.??.??"]

1.e4 d6 2.d4 Nf6 3.Nc3 e5 4.Nf3 Nbd7 5.Bc4 Be7 6.a4 c6 7.O-O O-O 8.a5 Re8 9.
Bxf7+ Kf8 10.Bxe8 Qxe8 11.d5 Nc5 12.Nd2 Qg6 13.f3 Nh5 14.Nc4 Bh3 15.Qe2 Kg8
16.Kh1 Bd7 17.b4 Bh4 18.g4 Nf6 19.bxc5 1-0

[Event "Prebor mesta Vsetina 2018"]
[Site "?"]
[Date "2018.07.11"]
[Round "9.18"]
[White "Zavodny, Jaroslav"]
[Black "Peterka, Josef"]
[Result "1/2-1/2"]
[WhiteElo "1773"]
[BlackElo "1820"]
[PlyCount "29"]
[EventDate "2018.??.??"]

1.e4 e6 2.Nf3 d5 3.exd5 exd5 4.d4 Nf6 5.Bg5 Be7 6.Bd3 O-O 7.O-O c6 8.c3 Bg4 9.
Nbd2 Re8 10.Qc2 Nbd7 11.Rfe1 Nf8 12.Ne5 Be6 13.f4 Qc7 14.Ndf3 Rad8 15.Kh1
1/2-1/2